Pescado seco salado alimento de ayer, de hoy y de siempre: (Registro nro. 20281)

Detalles MARC
000 -CABECERA
Campo de control 01427nam a22002777a 4500
005 - FECHA Y HORA DE LA ULTIMA TRANSACCION
Campo de control 20180803170454.0
008 - ELEMENTOS DE LONGITUD FIJA—INFORMACION GENERAL
Campo de control 180803b2018 ck ||||| |||| 00| 0 spa d
020 ## - ISBN
ISBN 9789584829481
040 ## - FUENTE DE CATALOGACIÓN
Agencia catalogadora original CO-BoIAVH
Agencia transcriptora CO-BoIAVH
041 ## - IDIOMA
Código de idioma para texto/pista de sonido o título separado Español
044 ## - PAÍS DE PUBLICACIÓN
País de publicación Colombia
082 ## - NUMERO DE CLASIFICACION DECIMAL DEWEY
Número de clasificación 641.392
Número del ítem T75p
100 ## - ASIENTO PRINCIPAL--NOMBRE PERSONAL
Nombre personal Troyano Guzmán, Héctor Elías as
Término relacionado autor
9 (RLIN) 92166
245 1# - MENCION DE TITULO
Título Pescado seco salado alimento de ayer, de hoy y de siempre:
Parte restante del título conozca sus beneficios y versatilidad
260 ## - PUBLICACION, DISTRIBUCION, ETC. (PIE DE IMPRENTA)
Lugar de publicación, distribución, etc. Bogotá:
Nombre del editor, distribuidor, etc. Valderrama Niño, José Rodrigo,
Fecha de publicación, distribución, etc. 2018.
300 ## - DESCRIPCION FISICA
Extensión 317 páginas:
Otros detalles físicos fotografías a color;
Dimensiones 17 x 24 cm.
650 26 - ASIENTO SECUNDARIO DE MATERIA - TERMINO TEMATICO
Término temático o nombre geográfico como elemento de entrada Pescado seco
Subdivisión general Historia
9 (RLIN) 92167
650 26 - ASIENTO SECUNDARIO DE MATERIA - TERMINO TEMATICO
Término temático o nombre geográfico como elemento de entrada Consumo
9 (RLIN) 95594
650 26 - ASIENTO SECUNDARIO DE MATERIA - TERMINO TEMATICO
Término temático o nombre geográfico como elemento de entrada Tradición
9 (RLIN) 92141
650 26 - ASIENTO SECUNDARIO DE MATERIA - TERMINO TEMATICO
Término temático o nombre geográfico como elemento de entrada Normativa
9 (RLIN) 92142
650 26 - ASIENTO SECUNDARIO DE MATERIA - TERMINO TEMATICO
Término temático o nombre geográfico como elemento de entrada Especies
Subdivisión general Riesgo de extinción
9 (RLIN) 92169
650 26 - ASIENTO SECUNDARIO DE MATERIA - TERMINO TEMATICO
Término temático o nombre geográfico como elemento de entrada Nutrición
9 (RLIN) 94405
650 26 - ASIENTO SECUNDARIO DE MATERIA - TERMINO TEMATICO
Término temático o nombre geográfico como elemento de entrada Recetas
9 (RLIN) 92171
700 ## - ASIENTO SECUNDARIO - NOMBRE PERSONAL
Nombre personal Valderrama Niño, José Rodrigo
9 (RLIN) 92146
942 ## - ELEMENTOS ADICIONALES (KOHA)
Sistema de clasificación Dewey Decimal Classification
Tipo de ítem Libro
Existencias
Withdrawn status Lost status Sistema de Clasificación Damaged status No para préstamo Colección Ubicación Permanente Ubicación actual Fecha de adquisición Total Checkouts Número topográfico Inventario / Código de Barras Date last seen Ejemplar Price effective from Forma de adquisición Tipo de material
    Dewey Decimal Classification     General Bogotá Bogotá 03/08/2018   LB-641.392 T75p 042536 03/08/2018 Ej. 1 03/08/2018 Donación Libro